| 000 | 01750nam0a2200373 4500 | ||
|---|---|---|---|
| 001 | RU\NLR\BIBL_A\011770552 | ||
| 005 | 20180830111847.0 | ||
| 010 |
_a978-5-90522-806-3 _9100 |
||
| 021 |
_aRU _bКН-П-18-051600 _9КН-П-18-3715 |
||
| 035 | _a(NLR Aleph) 011770552 | ||
| 035 | _a(RuMoRGB)009688052 | ||
| 090 |
_a11725486 _c11725486 |
||
| 100 | _a20180816d2018 u y0rusy50 ca | ||
| 101 | 0 | _arus | |
| 102 | _aRU | ||
| 105 | _aach|z|||000ay | ||
| 200 | 1 |
_aДве уздечки для Пегаса _eстихи. Мысли. Афоризмы _fДмитрий Соснин, Виктор Епифанов |
|
| 210 |
_aНижний Новгород _cДятловы горы _d2018 |
||
| 215 |
_a218 с. _cил., портр., факс. _d21 |
||
| 320 | _aДр. работы 2-го авт. в тексте аннот. | ||
| 327 | 1 | _aСодерж.: Первая уздечка: стихи разных лет / Дмитрий Соснин. Вторая уздечка / Виктор Епифанов | |
| 464 | 0 |
_12001#$aПервая уздечка$eстихи разных лет _1700#1$aСоснин$bД.С.$gДмитрий Станиславович |
|
| 464 | 0 |
_12001#$aВторая уздечка _1700#1$aЕпифанов$bВ. Н.$gВиктор Николаевич |
|
| 686 | 2 | _aШ6(2=Р)8-5Соснин | |
| 686 | 2 | _aШ6(2=Р)8-5Епифанов | |
| 700 | 1 |
_aСоснин _bД. С. _gДмитрий Станиславович |
|
| 701 | 1 |
_aЕпифанов _bВ. Н. _gВиктор Николаевич |
|
| 942 | _cBOOK | ||
| 980 | _aNBR | ||
| 980 | _aNB | ||